header

Estimating and cost planning using the new rules of measurement (Record no. 39414)

MARC details
000 -LEADER
fixed length control field 01310nam a2200301 a 4500
082 04 - DEWEY DECIMAL CLASSIFICATION NUMBER
Classification number 692/.5
100 1# - MAIN ENTRY--AUTHOR NAME
Personal name Ostrowski, Sean D. C.
245 10 - TITLE STATEMENT
Title Estimating and cost planning using the new rules of measurement
260 ## - PUBLICATION, DISTRIBUTION, ETC. (IMPRINT)
Place of publication Chichester, West Sussex, U.K. :
Name of publisher Wiley-Blackwell,
Year of publication c2013.
300 ## - PHYSICAL DESCRIPTION
Number of Pages 1 online resource (xvii, 194 p.) :
Other physical details ill. (some col.), photographs.
650 #0 - SUBJECT ADDED ENTRY--TOPICAL TERM
Topical Term Building
856 40 - ELECTRONIC LOCATION AND ACCESS
Uniform Resource Identifier http://site.ebrary.com/lib/rucke/Doc?id=10722557
588 ## -
-- Description based on online resource; title from title page (ebrary, viewed July 5, 2013).

No items available.

© 2026 Rongo University
Contact us: librarian | system librarian | Rongo university